000 00267nam a2200133Ia 4500
100 _aMedvedyuk/N
942 _cBK
654 _aMetal Work
245 _aSheet Metal Work
260 _bMir Publishers
_c1968
082 _a671.8
300 _a360
546 _aENGLISH
999 _c25362
_d25362